000 00668nam a2200241 i 4500
001 C2-0086750
003 PPAK
005 20180727091157.0
008 970506s xxka|||| ||||| | eng d
020 _a0721400124
040 _aPPAK
_beng
_cPPAK
_erda
082 0 4 _a428.6
_223
090 0 0 _a428.6
_bMUR
_dK
100 1 _aMurray, W.,
_eauthor
245 1 4 _aThe holiday camp mystery
264 1 _aLoughborough :
_bLadybird Books ,
_c[date of publication not identified]
300 _a50 pages :
_billustrations ;
_c18 cm
336 _2rdacontent
_atext
337 _2rdamedia
_aunmediated
338 _2rdacarrier
_avolume
650 1 0 _aReaders
942 _ddc
_cB
999 _c17900
_d17900